Gender Differences in Risky Decisions in the Case of Loss Limitation

Gespeichert in:
Bibliographische Detailangaben
1. Verfasser: Péliová, Jana, 1976-
Format: Buchkapitel
Sprache:Englisch
Schlagworte:
Tags: Tag hinzufügen
Keine Tags, Fügen Sie das erste Tag hinzu!

MARC

LEADER 00000naa$a2200000$$$4500
001 0192594
005 20240502083446.5
041 0 |a eng 
044 |a BG 
245 1 0 |a Gender Differences in Risky Decisions in the Case of Loss Limitation  |c Jana Péliová 
610 2 0 |a rozhodovanie investičné 
610 2 0 |a muži 
610 2 0 |a ženy 
610 2 0 |a fondy investičné 
610 2 0 |a aktíva 
610 2 0 |a riziko 
100 1 |a Péliová, Jana, 1976-